| 000 | 00856nam a2200229Ia 4500 | ||
|---|---|---|---|
| 003 | GCL | ||
| 008 | 140319s9999 xx 000 0 ara d | ||
| 040 |
_aGCL / _cGCL |
||
| 082 | 0 | 4 |
_a721 _bع إ |
| 100 | 1 | _aعلى رافت | |
| 245 | 1 | 0 |
_aالابداع المادى فى العمارة ( 1 ) : _bالبيئة والفراغ ( 1\1 ) / _cعلى رافت |
| 250 | _aالاولى | ||
| 260 |
_aالقاهرة : _bمركز ابحاث انتركونسلت ، _c1996 |
||
| 300 |
_a430 ص ؛ _c29 سم |
||
| 490 |
_aثلاثية الابداع المعمارى _v1 |
||
| 650 | 0 | 4 | _aالهندسة المعمارية |
| 650 | 0 | 4 | _aالانشاءات المعمارية |
| 650 | 0 | 4 | _aالابداع المعمارى |
| 650 | 0 | 4 | _aالمنظومة البيئية - عمارة |
| 650 | 0 | 4 | _aالمنظومة الفراغية - عمارة |
| 942 |
_2ddc _cBK |
||
| 999 |
_c48494 _d48494 |
||